Pemikiran lateral untuk pengurusan

Bibliographic Details
Main Author: Bono, Edward de
Format: Book
Published: Petaling Jaya : Golden Books Centre , 2001
Subjects:

MARC

LEADER 00000cam a2200000 7i4500
001 0000003334
005 20050823.0
020 0 0 |a 9837204664 
090 0 0 |a 153.42   |b BON 
100 1 0 |a Bono, Edward de 
245 1 0 |a Pemikiran lateral untuk pengurusan   |c Edward de Bono 
260 0 0 |a Petaling Jaya :   |b Golden Books Centre ,   |c 2001 
300 |a viii, 322ms. :   |b il. ;   |c 22cm. 
500 0 0 |a Judul asal: Lateral thinking for management 
650 0 0 |a Creative thinking 
650 0 0 |a Lateral thinking 
650 0 0 |a Thought and thinking 
999 |a 0000006348   |b Monograph   |c Open Shelf   |e Default branch